| 000 | 00354nam a2200145Ia 4500 | ||
|---|---|---|---|
| 005 | 20251222141800.0 | ||
| 008 | 251222s9999||||xx |||||||||||||| ||spa|| | ||
| 020 | _a84-9732-141-3 | ||
| 082 | _a515.7/D56/Ej.2 | ||
| 100 | _aDemidévich, B.P. | ||
| 245 | 0 | _a5.000 Problemas de Análisis Matemático | |
| 250 | _a9a.ed. | ||
| 264 | _bThomson | ||
| 942 | _cLIB | ||
| 999 |
_c6109 _d6109 |
||